[Event "Uadjpur Pandiyar Memorial 7th"]
[Site "Uadjpur"]
[Date "2022.10.08"]
[Round "1"]
[White "Khakhai, Zou"]
[Black "Thakur, Akash"]
[Result "0-1"]
[WhiteElo "1279"]
[BlackElo "2235"]
[PlyCount "58"]
[EventDate "2022.10.08"]
[EventType "swiss"]
[EventRounds "9"]
[EventCountry "IND"]
[SourceTitle "CBM 210 Extra"]
[Source "ChessBase"]
[SourceDate "2022.11.30"]
[SourceVersion "1"]
[SourceVersionDate "2022.11.30"]
[SourceQuality "1"]

1. e4 e5 2. Nc3 Nc6 3. Bc4 Nf6 4. d3 Bb4 5. Bd2 0-0 6. a3 Bxc3 7. Bxc3 d5 8. exd5 Nxd5 9. Bd2 Nf4 10. Bxf4 exf4 11. Qd2 Re8+ 12. Kf1 Qf6 13. Re1 Bd7 14. c3 Rxe1+ 15. Kxe1 Re8+ 16. Kf1 Ne5 17. Bd5 Qd6 18. Bxb7 Nxd3 19. Nf3 Rb8 20. Be4 Nc5 21. Qxd6 cxd6 22. Bxh7+ Kxh7 23. b4 Bb5+ 24. Ke1 Re8+ 25. Kd2 Re2+ 26. Kd1 Ne4 27. Re1 Nxf2+ 28. Kc1 Nd3+ 29. Kd1 Nxe1 0-1